| 000 | 00000nam##2200000za#4500 |
| 001 | 9.572695 |
| 003 | CaOODSP |
| 005 | 20210624183336 |
| 007 | cr ||||||||||| |
| 008 | 150406|2001||||xxc|||||o f|0| 0 eng|d |
| 040 | |aCaOODSP|beng |
| 043 | |an-cn--- |
| 086 | 1 |aH113-6/2001-3E-PDF |
| 110 | 1 |aCanada. |bPest Management Regulatory Agency. |
| 245 | 10|aPrimisulfuron-methyl |h[electronic resource] |
| 260 | |aOttawa - Ontario : |bHealth Canada. |cAugust 17, 2001. |
| 300 | |a5p. |
| 490 | 1 |aRegulatory decision document |vRDD2001-03 |
| 500 | |a"This decision document outlines this stage of the PMRA's regulatory decision-making process concerning the use of primisulfuron-methyl (Beacon 75 WG) for control of quackgrass and specific broadleaf weeds in field corn."--Introduction. |
| 520 | 3 |aThis decision document outlines this stage of the PMRA's regulatory decision-making process concerning the use of primisulfuron-methyl (Beacon 75 WG) for control of quackgrass and specific broadleaf weeds in field corn.--Introduction |
| 590 | |a12-08-Supp|b2012-03-16 |
| 690 | 07|aHerbicides|2gcpds |
| 690 | 07|aWeeds|2gcpds |
| 775 | 08|tPrimisulfuron-méthyl |w(CaOODSP)9.603024 |
| 776 | 0#|tPrimisulfuron-methyl |w(CaOODSP)9.615776 |
| 830 | #0|aRegulatory decision document ;|vRDD2001-03|w(CaOODSP)9.504461 |
| 856 | 40|ahttp://publications.gc.ca|qPDF|s120 KB|uhttps://publications.gc.ca/collections/Collection/H113-6-2001-3E.pdf|yRDD2001-03 |